[Event "Medellin Conconcreto op"]
[Site "Medellin"]
[Date "2018.01.27"]
[Round "4"]
[White "Sanchez Sanchez, Andres Felipe"]
[Black "Soto, Miguel Angel"]
[Result "1/2-1/2"]
[WhiteElo "1956"]
[BlackElo "2114"]
[PlyCount "66"]
[EventDate "2018.01.24"]
[EventType "swiss"]
[EventRounds "7"]
[EventCountry "COL"]
[SourceTitle "CBM 182 Extra"]
[Source "ChessBase"]
[SourceDate "2018.02.23"]
[SourceVersion "1"]
[SourceVersionDate "2018.02.23"]
[SourceQuality "1"]

1. d4 Nf6 2. Nf3 g6 3. g3 Bg7 4. Bg2 0-0 5. 0-0 d6 6. c4 c6 7. Nc3 Nbd7 8. e3 Qc7 9. b3 Re8 10. Qc2 Nf8 11. Bb2 Bf5 12. e4 Bg4 13. h3 Bxf3 14. Bxf3 e5 15. d5 c5 16. Bc1 a6 17. a4 Qd7 18. Kg2 Red8 19. Bd2 h6 20. Qd1 g5 21. Bg4 Nxg4 22. hxg4 Ng6 23. Qe2 a5 24. Nd1 b6 25. Ne3 Ne7 26. Rh1 Kf8 27. Rh2 Ke8 28. Rah1 Rdc8 29. Qf3 f6 30. Rxh6 Bxh6 31. Rxh6 Ng8 32. Rh5 Kd8 33. Qf5 Ra7 1/2-1/2